00894cam a22002651 45000010008000000030004000080050017000120080041000290100017000700150015000870350019001020400038001210420012001590820016001711000027001872450066002142600037002803000031003175000062003486100051004109060045004619420012005069990015005189520095005337924792OSt20230621155555.0770729s1954 xx 000 0 eng c aa 55008691  aGB54-16865 a(OCoLC)3148760 aNorth Carolina Univ.cOCdUkdDLC apremarc a328.42bWIL1 aWilliams, Orlo,d1883-14aThe clerical organization of the House of Commons, 1661-1850. aOxford,bClarendon Press,c1954. axv, 366 p.btable.c23 cm. aAppendices covering various source materials: p. 280-335.10aGreat Britain.bParliament.bHouse of Commons. a7bcbccoclcrplduencipf19gy-gencatlg 2ddccBK c2292d2292 00102ddc4070a002b002d2023-06-21l0o328.42 WILp10001175r2023-06-21w2023-06-21yBK